[Event "Titled Tuesday intern op 06th Jun Late"]
[Site "Chess.com INT"]
[Date "2023.06.06"]
[Round "4"]
[White "Lu, Edward J"]
[Black "Miller, Ike S"]
[Result "1-0"]
[WhiteElo "2219"]
[BlackElo "1956"]
[PlyCount "119"]
[EventDate "2023.06.06"]
[EventType "swiss (blitz)"]
[EventRounds "11"]
[EventCountry "USA"]
[SourceTitle "EXT 2024"]
[Source "ChessBase"]
[SourceDate "2023.10.10"]
[SourceVersion "1"]
[SourceVersionDate "2023.10.10"]
[SourceQuality "1"]

1. d4 Nf6 2. c4 e6 3. Nc3 Bb4 4. e3 0-0 5. Nge2 d5 6. a3 Be7 7. cxd5 Nxd5 8. e4 Nf6 9. Ng3 c5 10. d5 exd5 11. exd5 Bd6 12. Be2 Be5 13. Bf3 Na6 14. 0-0 c4 15. Re1 Re8 16. Bg5 Bd7 17. Nge4 h6 18. Bh4 g5 19. Bg3 Nxe4 20. Bxe4 Bxg3 21. hxg3 Nc5 22. Bc2 Qf6 23. Qd2 b6 24. Rxe8+ Rxe8 25. Re1 Rxe1+ 26. Qxe1 Kg7 27. Qe2 Qd4 28. Kh2 b5 29. f3 a5 30. Qe7 b4 31. Ne4 Nxe4 32. Bxe4 Ba4 33. axb4 axb4 34. Qxb4 Bd1 35. d6 h5 36. Bf5 h4 37. Qc3 hxg3+ 38. Kxg3 Qxc3 39. bxc3 Kf6 40. d7 Ke7 41. Kg4 f6 42. Kh5 Be2 43. Kg6 Bd1 44. f4 Ba4 45. fxg5 fxg5 46. Kxg5 Bxd7 47. Bxd7 Kxd7 48. Kf6 Kd6 49. g4 Kd5 50. Kf5 Kc5 51. g5 Kb5 52. g6 Ka4 53. g7 Kb3 54. g8Q Kxc3 55. Ke4 Kb2 56. Qxc4 Kb1 57. Qe2 Kc1 58. Kd3 Kb1 59. Kc3 Kc1 60. Qc2# 1-0

[Event "Titled Tuesday intern op 16th May Late"]
[Site "Chess.com INT"]
[Date "2023.05.16"]
[Round "3"]
[White "Alexikov, Alexander"]
[Black "Lu, Edward J"]
[Result "0-1"]
[WhiteElo "2209"]
[BlackElo "2219"]
[PlyCount "76"]
[EventDate "2023.05.16"]
[EventType "swiss (blitz)"]
[EventRounds "11"]
[EventCountry "USA"]
[SourceTitle "CBM 214 Extra"]
[Source "ChessBase"]
[SourceDate "2023.07.31"]
[SourceVersion "1"]
[SourceVersionDate "2023.07.31"]
[SourceQuality "1"]

1. e4 e5 2. Nf3 Nc6 3. c3 Nf6 4. d4 Nxe4 5. d5 Ne7 6. Nxe5 Ng6 7. Qf3 Nf6 8. Nc4 d6 9. h3 Be7 10. g3 0-0 11. Bg2 b6 12. 0-0 Ba6 13. Nba3 Ne5 14. Nxe5 Bxf1 15. Kxf1 dxe5 16. Nc4 e4 17. Qd1 Re8 18. Ne3 Bc5 19. c4 Qd7 20. g4 g6 21. b3 Bf8 22. Bb2 Bg7 23. g5 Nh5 24. Bxg7 Nxg7 25. Ng4 Nh5 26. Qd4 f6 27. gxf6 Qd6 28. Re1 Kf8 29. Kg1 Rad8 30. Rxe4 Rxe4 31. Bxe4 Re8 32. Bf3 Re1+ 33. Kg2 Nf4+ 34. Kh2 Ne6+ 35. Qe5 Rxe5 36. Nxe5 Qxe5+ 37. Kg1 Nd4 38. Bg2 Qxf6 0-1

[Event "Titled Tuesday intern op 02nd May Early"]
[Site "Chess.com INT"]
[Date "2023.05.02"]
[Round "4"]
[White "Lu, Edward J"]
[Black "Zhao, Jun"]
[Result "0-1"]
[WhiteElo "2219"]
[BlackElo "2591"]
[PlyCount "98"]
[EventDate "2023.05.02"]
[EventType "swiss (blitz)"]
[EventRounds "11"]
[EventCountry "USA"]
[SourceTitle "EXT 2024"]
[Source "ChessBase"]
[SourceDate "2023.10.10"]
[SourceVersion "1"]
[SourceVersionDate "2023.10.10"]
[SourceQuality "1"]

1. d4 Nf6 2. c4 e6 3. Nc3 Bb4 4. e3 0-0 5. Nge2 d5 6. a3 Be7 7. cxd5 exd5 8. Nf4 a5 9. Bd3 Re8 10. 0-0 c6 11. f3 Na6 12. Bc2 Bd6 13. e4 Bf8 14. Qd3 g6 15. h3 Nc7 16. Rd1 b5 17. Qf1 b4 18. axb4 axb4 19. Rxa8 Nxa8 20. Na4 dxe4 21. fxe4 Nxe4 22. Qf3 Bf5 23. Bb3 Qh4 24. g4 Ng5 25. Qf2 Nxh3+ 26. Nxh3 Qxg4+ 27. Qg2 Qxh3 28. Qxh3 Bxh3 29. Bf4 Re4 30. Be5 Bg7 31. Rd3 Bf5 32. Rd2 Bxe5 33. dxe5 Nc7 34. Rd6 Rxe5 35. Rxc6 Ne6 36. Rc8+ Kg7 37. Rb8 Nd4 38. Rxb4 Nxb3 39. Rxb3 Bc2 40. Rb4 Bxa4 41. Rxa4 Re2 42. Rb4 h5 43. Kf1 Rc2 44. Rb6 h4 45. Kg1 g5 46. Kf1 f6 47. Kg1 Kg6 48. Kf1 h3 49. Ke1 h2 0-1

[Event "Titled Tuesday intern op 14th Mar Late"]
[Site "Chess.com INT"]
[Date "2023.03.14"]
[Round "3"]
[White "Papasimakopoulos, Alexandros"]
[Black "Lu, Edward J"]
[Result "1/2-1/2"]
[WhiteElo "2356"]
[BlackElo "2219"]
[PlyCount "335"]
[EventDate "2023.03.14"]
[EventType "swiss (blitz)"]
[EventRounds "11"]
[EventCountry "USA"]
[SourceTitle "EXT 2024"]
[Source "ChessBase"]
[SourceDate "2023.10.10"]
[SourceVersion "1"]
[SourceVersionDate "2023.10.10"]
[SourceQuality "1"]

1. d4 d5 2. c4 c6 3. cxd5 cxd5 4. Bf4 Nf6 5. Nc3 a6 6. e3 e6 7. Bd3 Be7 8. h3 0-0 9. Nf3 b5 10. 0-0 Bb7 11. a4 b4 12. Nb1 Nbd7 13. Nbd2 a5 14. Nb3 Qb6 15. Qe2 Rfc8 16. Bb5 Ba6 17. Rfc1 Rxc1+ 18. Rxc1 Bxb5 19. Qxb5 Qxb5 20. axb5 a4 21. Nc5 a3 22. bxa3 bxa3 23. Na6 Nb6 24. Bc7 Nc4 25. Ne5 Nxe5 26. Bxe5 Nd7 27. Bc7 f6 28. Kf1 Ra7 29. Ke2 Rb7 30. Rb1 Nb6 31. Bxb6 Rxb6 32. Kd3 a2 33. Ra1 Rxb5 34. Rxa2 Rb3+ 35. Kc2 Rb7 36. Kd2 Ra7 37. Kd3 Kf7 38. f3 h5 39. e4 Ke8 40. exd5 exd5 41. Nb4 Rxa2 42. Nxa2 Kd7 43. Nc3 Ke6 44. Nb5 Bd8 45. Ke3 Bb6 46. Nc3 g6 47. Ne2 g5 48. Ng3 h4 49. Ne2 Ba5 50. Nc1 Bb4 51. Nd3 Bd6 52. Nb2 Bf4+ 53. Kd3 Kd6 54. Na4 Kc6 55. Nc5 Bd6 56. Ne6 Kd7 57. Ng7 Bc7 58. Nf5 Ke6 59. Ne3 Ba5 60. Kc2 Kd6 61. Ng4 Ke6 62. Kb3 Bb6 63. Kc3 Ba7 64. Ne3 Bb6 65. Nc2 Kd6 66. Kb4 Ba7 67. Kb5 Bb8 68. Kb6 Bc7+ 69. Kb7 Ba5 70. Kc8 Bc3 71. Kd8 Ke6 72. Ke8 Bb2 73. Kf8 Bc3 74. Kg7 Bb2 75. Kg6 Bc3 76. Kh5 Bb2 77. f4 Bc1 78. fxg5 fxg5 79. Kg6 Bd2 80. Na3 Be3 81. Nb5 Kd7 82. Kf5 Kc6 83. Na3 Bf4 84. Nc2 Kb5 85. Ne1 Kc4 86. Nf3 Be3 87. Ke5 Bf4+ 88. Ke6 Be3 89. Kf5 Bxd4 90. Kxg5 Bf2 91. Kf4 d4 92. Ke4 d3 93. Ne5+ Kc3 94. Nxd3 Bg3 95. Nc5 Kd2 96. Kf3 Ke1 97. Ne4 Be5 98. Ng5 Bf6 99. Ne6 Kf1 100. Nf4 Kg1 101. Ne2+ Kh2 102. Nc1 Bg5 103. Nd3 Bd8 104. Ne5 Bc7 105. Ng4+ Kh1 106. Nh6 Bd8 107. Nf5 Bf6 108. Ne3 Bg5 109. Nf1 Be7 110. Nd2 Bd8 111. Ne4 Be7 112. g4 hxg3 113. Kxg3 Kg1 114. Nd2 Bd6+ 115. Kg4 Be7 116. Nf3+ Kg2 117. Nd4 Bf6 118. Ne2 Kf2 119. Nf4 Bd8 120. Nd5 Ke2 121. Nc3+ Kd3 122. Nb5 Ke4 123. Nd6+ Kd5 124. Nf7 Be7 125. Ng5 Ke5 126. h4 Kf6 127. h5 Kg7 128. Ne6+ Kh7 129. Nd4 Bf6 130. Nf5 Bd8 131. Kf4 Bf6 132. Ke4 Bh8 133. Kd5 Bb2 134. Ke6 Ba1 135. Kd5 Bb2 136. Ke4 Ba1 137. Kf4 Bb2 138. Kg4 Bc1 139. Ne7 Kh6 140. Nc6 Kh7 141. Ne5 Bd2 142. Nd3 Bc3 143. Nc5 Bd4 144. Ne4 Bb2 145. Ng5+ Kh8 146. Nf7+ Kg7 147. Nd6 Kh7 148. Kg5 Bc1+ 149. Kf5 Ba3 150. Nf7 Bc1 151. Kg4 Bd2 152. Ne5 Bc1 153. Nf3 Be3 154. Ne5 Bc1 155. Nd3 Bd2 156. Nc5 Bc1 157. Nb3 Be3 158. Na5 Bb6 159. Nc4 Bd4 160. Nd6 Bb2 161. Ne4 Bc1 162. Ng5+ Bxg5 163. Kxg5 Kg7 164. h6+ Kh7 165. Kh5 Kh8 166. Kg6 Kg8 167. h7+ Kh8 168. Kh6 1/2-1/2

[Event "US Open-109"]
[Site "Dallas"]
[Date "2008.08.09"]
[Round "8"]
[White "Kuderinov, Kirill"]
[Black "Lu, Edward J"]
[Result "1/2-1/2"]
[WhiteElo "2422"]
[BlackElo "2185"]
[PlyCount "84"]
[EventDate "2008.08.02"]
[EventType "swiss"]
[EventRounds "9"]
[EventCountry "USA"]
[SourceTitle "CBM 125 Extra"]
[Source "ChessBase"]
[SourceDate "2008.09.01"]
[SourceVersion "1"]
[SourceVersionDate "2008.09.01"]
[SourceQuality "1"]

1. e4 e5 2. Nf3 Nf6 3. Nxe5 d6 4. Nf3 Nxe4 5. Nc3 Nxc3 6. dxc3 Be7 7. Be3 0-0 8. Qd2 Nc6 9. 0-0-0 Ne5 10. h4 Re8 11. h5 h6 12. Bb5 c6 13. Nxe5 dxe5 14. Qe2 Bd7 15. Bc4 Qc8 16. g4 Bxg4 17. f3 Be6 18. Rhg1 Bf6 19. Bxh6 Bxc4 20. Qxc4 Qe6 21. Qxe6 Rxe6 22. Rd7 Kf8 23. Be3 Re7 24. Rd6 Re6 25. Rxe6 fxe6 26. Kd2 Rd8+ 27. Ke2 Kf7 28. a4 a6 29. c4 Rh8 30. Rh1 g6 31. h6 g5 32. Rd1 Rd8 33. Rxd8 Bxd8 34. Bc5 Kg6 35. Bf8 Bf6 36. Ke3 e4 37. Kxe4 Bxb2 38. c5 Bc3 39. Kd3 Bf6 40. Kc4 Kf7 41. Bd6 Kg6 42. Bf8 Kf7 1/2-1/2

[Event "USA-chT Amateur East"]
[Site "Parsippany"]
[Date "2007.02.17"]
[Round "1"]
[White "Chernin, Oliver"]
[Black "Lu, Edward J"]
[Result "0-1"]
[WhiteElo "2162"]
[BlackElo "2116"]
[PlyCount "130"]
[EventDate "2007.02.17"]
[EventType "team"]
[EventRounds "6"]
[EventCountry "USA"]
[SourceTitle "CBM 117 Extra"]
[Source "ChessBase"]
[SourceDate "2007.05.09"]
[SourceVersion "1"]
[SourceVersionDate "2007.05.09"]
[SourceQuality "1"]

1. c4 Nf6 2. Nc3 c5 3. Nf3 b6 4. g3 Bb7 5. Bg2 e6 6. 0-0 Be7 7. d4 cxd4 8. Qxd4 d6 9. Rd1 a6 10. b3 Nbd7 11. Bb2 Qc7 12. Rac1 0-0 13. Bh3 Qc5 14. Qxc5 Nxc5 15. Nd4 Rac8 16. Bg2 Nfe4 17. Nxe4 Nxe4 18. f3 Nc5 19. e4 Rfd8 20. Rc2 g6 21. Re2 Bf8 22. Nc2 b5 23. Ne3 Be7 24. Red2 h5 25. Kf2 Kf8 26. Bf1 b4 27. Nc2 a5 28. Nd4 Bg5 29. Re2 Ba6 30. h4 Be7 31. Red2 a4 32. Bd3 axb3 33. axb3 e5 34. Nb5 Nxb3 35. Re2 Nc5 36. Bb1 Bxb5 37. cxb5 Rb8 38. Red2 Rdc8 39. Rd5 Rxb5 40. Rc1 Rbb8 41. Re1 Na4 42. Re2 f6 43. Ra5 Nc3 44. Bxc3 Rxc3 45. Ra6 b3 46. Rb2 Rbc8 47. Rd2 Rb8 48. Rb2 Bd8 49. Rxd6 Bb6+ 50. Kg2 Bd4 51. Rd2 Ke7 52. Ra6 Rc1 53. Bd3 b2 54. Ra3 b1Q 55. Bxb1 Rbxb1 56. Rad3 Rh1 57. f4 Rbg1+ 58. Kf3 Rh3 59. Rg2 Rf1+ 60. Ke2 Rhh1 61. fxe5 fxe5 62. Rb3 Re1+ 63. Kd3 Re3+ 64. Kc4 Rc1+ 65. Kb4 Bc5+ 0-1

[Event "World op 34th"]
[Site "Philadelphia"]
[Date "2006.07.03"]
[Round "6"]
[White "Magar, Thomas P"]
[Black "Lu, Edward J"]
[Result "1/2-1/2"]
[WhiteElo "2095"]
[BlackElo "2015"]
[PlyCount "56"]
[EventDate "2006.06.28"]
[EventType "swiss"]
[EventRounds "9"]
[EventCountry "USA"]
[SourceTitle "CBM 112 Extra"]
[Source "ChessBase"]
[SourceDate "2006.07.14"]
[SourceVersion "1"]
[SourceVersionDate "2006.07.14"]
[SourceQuality "1"]

1. d4 Nf6 2. c4 c6 3. Nc3 d5 4. Nf3 a6 5. g3 e6 6. Bg2 Nbd7 7. 0-0 Bd6 8. Qc2 0-0 9. Rd1 b5 10. e4 dxe4 11. Ng5 Be7 12. c5 Nd5 13. Ncxe4 g6 14. h4 N7f6 15. Nxf6+ Bxf6 16. Ne4 Bg7 17. h5 a5 18. Qe2 Qe7 19. hxg6 hxg6 20. Nd6 Ra7 21. Qg4 Bd7 22. Re1 Qf6 23. Re4 Qd8 24. Qd1 f5 25. Re1 Qf6 26. Re5 Qd8 27. Re1 Qf6 28. Re5 Qd8 1/2-1/2